Music Quiz

Random Music or Bands Quiz

Name of Bassist Quiz Stats

 Plays Quiz not verified by Sporcle

Score 0/10 Timer 04:00
0 Plays Today
Band Bassist % Correct
Red Hot Chilli PeppersFlea
92.2%
The BeatlesPaul McCartney
84.3%
Led ZeppelinJohn Paul Jones
82.4%
RushGeddy Lee
60.8%
PrimusLes Claypool
56.9%
MetallicaCliff Burton
54.9%
Iron MaidenSteve Harris
41.2%
Dream TheaterJohn Myung
29.4%
MuseChris Wolstenholme
21.6%
The WhoJohn Entwisstle
3.9%

You're not logged in!

Compare scores with friends on all Sporcle quizzes.
OR
Log In

Show Comments

Extras

Created Oct 31, 2010ReportNominate
Tags:Bands Quiz, bassist

Top Quizzes Today


Score Distribution

Your Account Isn't Verified!

In order to create a playlist on Sporcle, you need to verify the email address you used during registration. Go to your Sporcle Settings to finish the process.

Report this User

Report this user for behavior that violates our Community Guidelines.

Details: